Cyclisme : Histoire de Paris - Roubaix - Statistiques

Statistiques générales
  • Ce quiz a été pris 63 fois
  • Le résultat moyen est 16 sur 26
Statistiques - réponses
Questions Réponses % Correct
Type de revêtement routier qui fait la renommée de Paris-Roubaix. Le pavé
96%
Secteur emblématique de la course que l'ancien organisateur Jacques Goddet avait qualifié de "dernière folie du sport cycliste". La Tranchée d'Arenberg
88%
Surnom démoniaque que gagna Paris-Roubaix lors de l'édition 1919 de l'épreuve remportée par Henri Pélissier, alors que le peloton devait traverser des paysages lunaires et dévastés par la Première Guerre mondiale. L'Enfer du Nord
88%
Ville-départ de Paris-Roubaix en Picardie depuis 1977. Compiègne
82%
Vainqueur de Paris-Roubaix en l'an de grâce 2023. Mathieu Van der Poel
80%
Année de la première édition de Paris-Roubaix au XIXe siècle. 1896
75%
Secteur souvent décisif de la course, entre la commune de Camphin-en-Pévèle et Gruson, sur le site de la Bataille de Bouvine remportée par le roi bigame Philippe-Auguste en 1215. Le Carrefour de l'Arbre
75%
Vainqueur de la course en 1985 et 1991 avant de passer directeur sportif en 1997, année où il gagne un nouveau Paris-Roubaix avec son coureur Frédéric Guesdon. Toujours actif comme directeur d'équipe, il vibre chaque année pour cette course à propos de laquelle il dit que "cela se passe au couteau", "c'est marche ou crève". Marc Madiot
75%
Pays que représentait Maurice Garin, vainqueur des deuxième et troisième éditions de la course avant sa naturalisation française en 1902 et sa victoire dans le premier Tour de France en 1903. L'Italie
73%
Animaux (au nombre d'une quarantaine) qui ont été mobilisés pour un désherbage écologique de ce secteur en vue de l'édition 2023, pour le rendre moins dangereux. Des chèvres
71%
Coureur italien surnommé le "Campionissimo" qui remporta l'épreuve en 1950, un an après avoir réclamé l'ex aequo au bénéfice de son frère. Le deuxième de l'épreuve Maurice Diot se considérait comme le vainqueur humain de la course. Dans son esprit, ce coureur italien était tellement fort qu'il était "hors concours". Angelo-Fausto Coppi
70%
Ville-départ de Paris-Roubaix entre 1966 et 1976. Ville qui porte le nom d'une crème fouettée dont l'invention est attribuée à l'ancien maître d'hôtel du château éponyme. Chantilly
64%
Détenteurs du record de victoires dans la course avec quatre succès (en 2023, ils sont au nombre de deux). Tom Boonen
63%
Nationalité du premier vainqueur de Paris-Roubaix (il a fallu attendre 119 ans pour qu'un coureur compatriote lui succède). Allemande
59%
Détenteurs du record de victoires dans la course avec quatre succès (en 2023, ils sont au nombre de deux). Roger De Vlaeminck
55%
Autre surnom qui souligne que Paris-Roubaix est la plus importante des courses en ligne du calendrier cycliste. La reine des classiques
54%
Association de loi 1901 dont les bénévoles se charge d'assurer le maintien en bon état des différents secteurs : "Les ___ de Paris-Roubaix". Amis
52%
Ancien champion du monde ayant travaillé dans la mine sous le secteur précédent et qui a redécouvert ce secteur en 1967 afin qu'il soit intégré au parcours de l'edition 1968 qui sera remportée par Eddy Merckx. Jean Stablinski
50%
Secteur classé cinq étoiles (comme réponses #13 et #18) où jadis Philippe le Bel prit sa revanche en massacrant les Flamands (en 1304) après la défaite de la Bataille des Éperons d'or. Mons-en-Pévèle
50%
Auteur-compositeur sétois qui visita le Paris-Roubaix de 1971 en compagnie de son ami René Fallet. Ensemble, ils saluèrent Raymond Poulidor au départ (dans la ville-réponse #2). René Fallet dira : « Ce cher menteur méridional, ce hardi dégringoleur du mont Saint-Clair, accepta de nous accompagner, [Pierre] Chany et moi, dans ce Paris-Roubaix, pour honorer, nous dit-il, la mémoire de son père, brave homme qui appréciait presque autant le vélo que le pastis. » Georges Brassens
43%
Surnom plus saint de la course qui vient du fait que Paris-Roubaix s'est régulièrement déroulé le jour de Pâques : la P_____. Pascale
43%
Surnom du premier coureur à avoir remporté Paris-Roubaix à quatre reprises. Le Gitan
38%
Cyrille Van Hauwaert, le premier vainqueur belge de l'épreuve en 1908, était un ____ de ferme flandrien qui alla travailler dans une briqueterie à Hazebrouck en France, pour réunir l'équivalent de 190 francs belges de l'époque, soit trois mois le salaire d'un _____ de ferme, et s'acheter sa première bicyclette à 19 ans (source : "Théo Mathy - Toute l'histoire du cyclisme belge sur route" (Arts et voyages, 1978). Valet
36%
Secteur dans lequel s'était spécialisé l'industriel roubaisien Théodore Vienne, cofondateur de la course. Le textile
32%
Premier et à ce jour (en 2023) unique vainqueur roubaisien de Paris-Roubaix en 1912 et 1914. Un "espace" lui est dédié dans les rues de Roubaix qui constitue une difficulté mineure dans la course. Charles Crupelandt
30%
Écrivain dont le livre "La métamorphose des cloportes" fut adapter au cinéma par Pierre Granier-Deferre (dialogues d'Audiard) et qui a suivi l'édition 1984 de Paris-Roubaix comme chroniqueur. Plus tard, il écrivit dans son tout dernier roman "Les trois mamans du petit Jésus" (publié en l'an 2000, l'année de son décès) : "Pourtant un jour M. Brugnot l'a viré de son club. Il n'était plus assez régulier, assez sérieux... il venait à lure-lure... « C'est pas comme ça qu'on peut gagner Paris-Roubaix ! » Ça nécessite une ascèse, le sport cycliste... peut-être le plus dur." Alphonse Boudard
9%
Aucun quiz correspondant
Distribution des résultats
% des personnes avec chaque résultat
Percentile par nombre de réponses
Votre historique - résultats
Vous n’avez pas pris ce quiz